ប្រសិទ្ធភាពសេដ្ឋកិច្ចនៃការនាំចេញផលិតផលសំរេចនៅព្រះរាជណាចក្រកម្ពុជា (Record no. 2992)

000 -LEADER
fixed length control field 00573nam a22001577a 4500
003 - CONTROL NUMBER IDENTIFIER
control field OSt
005 - DATE AND TIME OF LATEST TRANSACTION
control field 20151102155134.0
008 - FIXED-LENGTH DATA ELEMENTS--GENERAL INFORMATION
fixed length control field 151102b xxu||||| |||| 00| 0 eng d
040 ## - CATALOGING SOURCE
Transcribing agency RUA
082 ## - DEWEY DECIMAL CLASSIFICATION NUMBER
Classification number FOR សួន 1995 B120 Or.1
100 ## - MAIN ENTRY--PERSONAL NAME
9 (RLIN) 3205
Personal name សួន ផល្លា
245 ## - TITLE STATEMENT
Title ប្រសិទ្ធភាពសេដ្ឋកិច្ចនៃការនាំចេញផលិតផលសំរេចនៅព្រះរាជណាចក្រកម្ពុជា
260 ## - PUBLICATION, DISTRIBUTION, ETC. (IMPRINT)
Place of publication, distribution, etc. Phnom Penh
Name of publisher, distributor, etc. RUA
Date of publication, distribution, etc. 1995
300 ## - PHYSICAL DESCRIPTION
Extent 81p.
Other physical details ill.
Dimensions 29cm.
942 ## - ADDED ENTRY ELEMENTS (KOHA)
Source of classification or shelving scheme
Koha item type FOR
Holdings
Price effective from Date last seen Permanent Location Not for loan Date acquired Source of classification or shelving scheme Koha item type Barcode Lost status Damaged status Shelving location Withdrawn status Current Location Full call number
2015-11-022015-11-02Library Block B 2015-11-02 FORRUA027745  B120 Library Block BFOR សួន 1995 B120 Or.1
2015-11-022015-11-02Library Block B 2015-11-02 FOR RUA027817  B120 Library Block BFOR សួន 1995 B120 Or.2
2015-11-022015-11-02Library Block B 2015-11-02 FORRUA026439  B120 Library Block BFOR សួន 1995 B120 Or.3
មជ្ឈមណ្ឌលឯការនៃសាកលវិទ្យាល័យភូមិន្ទកសិកម្មចំការដូង

Powered by Koha